00458nam a2200145Ia 4500003000400000005001700004008004100021040000900062082002100071100002900092245001500121260004400136300000800180650012400188OSt20220325151940.0211119s9999||||xx |||||||||||||| ||und|| cSBCL a894.8121 bNAR-A aNarayanan Nair, Kottayam 0aAmrutakala bSahithya Pravarthaka...aKottayamc1961 a64p aLiterature & rhetoricv Literatures of other languages Altaic, Uralic, Hyperborean & Dravidian GeneraliaxGeneral stack